00994nam a2200289 i 450000500170000000800410001702000380005804000250009608200150012109000190013610000220015524501110017726400680028826400110035630000260036733600210039333700250041433800230043950400420046260000460050465000280055065000310057870000380060970000270064794200110067499900190068520260425115257.0260425t20252025my jr 000 0dmay d a9786297687766cRM12.00qpaperback aPPAKbengcPPAKerda04a297.1822300a297.18bMKRdK0 aMK Riza,eauthor.10aPERANG UHUD :bUJIAN DAN IBRAH /cPENULIS MK RIZA | EDITOR SEMAK USTAZ ASYRAFF HAFDZAN ; Ilustrasi Zamzani 1aBandar Baru Nilai, Negeri Sembilan :bBLINK BOOK SDN BHD,c2025 4c©2025 av, 121 pages ;c19 cm atext2rdacontent aunmediated2rdamedia avolume2rdacarrier aBibliographical references: page 117.00aMuhammad, $c Prophet,d-632 xCompanions 10aIslamic stories, Malay 20aHistorical fiction, Malay 0 aAsyraff Hafdzan,cUstaz,eeditor.0 aZamzani,eillustrator. 2ddccB c203989d203989